Lono a pentagram

Bibliographic Details
Main Author: Jaroš, Peter, 1940- (Author)
Format: Article
Language:Slovak
PhysicalDescription:Fotogr. 1
ISSN:0862-5999
Subjects:

MARC

LEADER 00000nab a2200000 a 4500
001 vtls000568478
003 SK-MaSNL
005 20260303163820.0
008 150501c1995 xo 0 slo
015 |a SNBRB19rr/mm-uuuuu 
035 |a CL0568616 
040 |a SNKBUCL  |b slo  |c SNKBUCL  |e AACR2 
041 0 |a slo 
044 |a xo  |c SK 
080 |a 885.4-3  |2 1981 
100 1 |a Jaroš, Peter,  |d 1940-  |4 aut  |9 221581 
245 1 0 |a Lono a pentagram  |c Peter Jaroš 
300 |b Fotogr. 1 
650 0 7 |a poviedky psychologické  |2 snkbucl  |9 893883 
655 7 |a články z novín a časopisov  |2 snkbucl  |9 267496 
655 7 |a články z odboru literárna veda a krásna literatúra  |2 snkbucl  |9 770045 
773 0 |t Literárny týždenník  |g Roč. 8, č. 49 (1995), s. 6-7  |x 0862-5999 
850 |a Slovenská národná knižnica v Martine  |a MTA001 
852 |a SNK  |b KIS3GCP 
958 |a RK 
958 |a LX 
958 |a SK 
999 |c 2061513  |d 2063443